Türkiye'nin kır potansiyeli ve sorunları (Record no. 4813)

MARC details
000 -BAŞLIK
Sabit Uzunlukta Kontrol Alanı 00809na a2200265 4500
001 - KONTROL NUMARASI
Denetim Alanı 17336
003 - KONTROL NUMARASI IDENTIFIER
Denetim Alanı MIRAKIL
005 - SON İŞLEM TARİHİ VE ZAMANI
Denetim Alanı 20181213155019.0
008 - SABİT-BOY VERİ ELEMANLARI - GENEL BİLGİLER
Sabit Uzunlukta Kontrol Alanı 161024b tu 000 0
035 ## - SİSTEM KONTROL NUMARASI
Sistem Kontrol Numarası 17336
040 ## - KATALOGLAMA KAYNAK
Orijinal Kataloglama Ajansı Milas
Kataloglama Dili tur
Metne Dönüştürmek Ajansı TR-AnCHP
041 ## - DİL KODU
Metin / Ses Parça Veya Ayrı Başlığın Dil Kodu tur
082 ## - DEWEY ONLU SINIFLANDIRMA NUMARASI
Sınıflandırma Numarası 915.02561
Ürün Numarası T85t 1978
090 ## - SINIFLAMA NUMARASI
Sınıflama Numarası 915.02561 T85t 1978
100 ## - ANA GİRİŞ - KİŞİSEL İSİM
Kişisel Ad Tunçdilek, Necdet
245 ## - BAŞLIK TABLOSU
Başlık Türkiye'nin kır potansiyeli ve sorunları
Sorumluluk Tablosu, Vb Necdet Tunçdilek
260 ## - YAYIN, DAĞITIM, VB
Yayın, Dağıtım, Vb Yeri İstanbul
Yayıncı, Dağıtıcı, Vs Adı İstanbul Üniversitesi
Yayın, Dağıtım, Vb Tarihi 1978
300 ## - FİZİKSEL TANIM
Kapsam xvi, 304 s.
Diğer Fiziksel Ayrıntıları res.
Boyutlar 24 sm.
440 ## - SERİSİ TABLOSU / KATMA GİRİŞİ - BAŞLIK
Başlık İstanbul Üniversitesi
Hacim / Ardışık Tanımı 2364
490 ## - SERİSİ TABLOSU
Seri Beyanı Coğrafya Enstitüsü
Hacim / Ardışık Tanımı 96
504 ## - KAYNAKÇA VB NOT
Kaynakça Vb Notu Kaynakça var.
650 ## - KONU KATMA GİRİŞ - TOPİKAL DÖNEM
Topikal Süreli Veya Coğrafi Ad Giriş Elemanı Coğrafya
Genel Alt Bölümü Fiziki coğrafya
Kronolojik Alt Bölümü Kırsal bölgeler
Coğrafi Alt Bölümü Türkiye
651 ## - KONU KATMA GİRİŞ - COĞRAFİ ADI
Coğrafi İsim Türkiye
Genel Alt Bölümü Fiziki coğrafya
Kronolojik Alt Bölümü Sorunlar
942 ## - EKLENDİ GİRİŞ ELEMANLARI (KOHA)
Sınıflandırma Veya Raf Düzeni Kaynak
Koha Öğesi Türü Books
999 ## - SİSTEM KONTROL NUMARALARI (KOHA)
Koha Biblionumber 4813
Koha Biblioitemnumber 4813
Holdings
Kalıcı Konum Mevcut Konum Edinme Tarihi Edinim Kaynak Toplam Check-Out'Lar Tam Çağrı Numarası Barkod Tarih Son Görülme İtibaren Geçerli Fiyatlar Koha Öğesi Türü
CHP Kütüphanesi CHP Kütüphanesi 10/24/2016 Bağış   915.02561 T85t 1978 005882 10/24/2016 10/24/2016 Books